[Event "Wch U12 blitz"]
[Site "Batumi"]
[Date "2023.06.10"]
[Round "1"]
[White "Ambartsumian, Tyhran"]
[Black "Karakhanyan, Vazgen"]
[Result "1-0"]
[WhiteElo "1898"]
[BlackElo "1258"]
[PlyCount "81"]
[EventDate "2023.06.10"]
[EventType "swiss (blitz)"]
[EventRounds "11"]
[EventCountry "GEO"]
[SourceTitle "EXT 2024"]
[Source "ChessBase"]
[SourceDate "2023.10.10"]
[SourceVersion "1"]
[SourceVersionDate "2023.10.10"]
[SourceQuality "1"]
[WhiteTeam "Armenia"]
[BlackTeam "Armenia"]
[WhiteTeamCountry "ARM"]
[BlackTeamCountry "ARM"]

1. e4 e6 2. d4 d5 3. e5 c5 4. c3 Nc6 5. Nf3 cxd4 6. cxd4 Qb6 7. Nc3 Nh6 8. a3 Nf5 9. Na4 Qa5+ 10. b4 Qc7 11. Bb2 Bd7 12. Rc1 a6 13. Nc5 Bxc5 14. Rxc5 b6 15. Rc2 Qb7 16. Bd3 0-0 17. 0-0 Nce7 18. Qd2 Rac8 19. Rfc1 Rxc2 20. Rxc2 Rc8 21. Rxc8+ Qxc8 22. Qc2 Qxc2 23. Bxc2 Bb5 24. g4 Be2 25. Kg2 Nh6 26. h3 Ng6 27. Bc1 f6 28. exf6 Nf7 29. fxg7 Kxg7 30. Kg3 Nd6 31. Ng5 Nf8 32. Bf4 h6 33. Bxd6 hxg5 34. Be7 e5 35. dxe5 d4 36. Bxg5 d3 37. Bb1 Ne6 38. Be3 b5 39. f4 Kf7 40. f5 Nf8 41. g5 1-0